000 00687nam a22002177a 4500
003 UA-OsUOA
001 120945
007 ta
008 20170227b un ||||| |||| 00| 0 ukr d
100 _aБогдан Т.П.
090 _a330(477)
_bБ73
942 _cSA
040 _aUA-OsUOA
_bukr
_cUA-OsUOA
_dUA-OsUOA
245 _aГлобальні умови та внутрішні ризики функціонування валютно-фінансової сфери України
300 _aС.52-75
955 _a0
041 _aukr
080 _a330(477)
773 0 _w120943
_tФінанси України
_dК.
_d2017
_g1
650 7 _a330 Економіка взагалі
_2UDC
999 _c407057
_d407057